Questiones supra libros quatuor Physicorum Aristotelis / (Record no. 71455)
[ view plain ]
| 000 -LEADER | |
|---|---|
| fixed length control field | 00913nam a2200265 a 4500 |
| 001 - CONTROL NUMBER | |
| control field | 71455 |
| 003 - CONTROL NUMBER IDENTIFIER | |
| rucl marc code | BD-RjUL |
| 005 - DATE AND TIME OF LATEST TRANSACTION | |
| control field | 20211209082120.0 |
| 008 - FIXED-LENGTH DATA ELEMENTS--GENERAL INFORMATION | |
| fixed length control field | 170503s1928 enk b 000 0 lat d |
| 035 ## - SYSTEM CONTROL NUMBER | |
| System control number | (BD-RjUL)71671 |
| 040 ## - CATALOGING SOURCE | |
| Original cataloging agency | BD-RjUL |
| Language of cataloging | eng |
| Transcribing agency | BD-RjUL |
| 041 ## - LANGUAGE CODE | |
| Language code of text/sound track or separate title | eng |
| 082 ## - DEWEY DECIMAL CLASSIFICATION NUMBER | |
| Edition number | 23 |
| Classification number | 185 |
| Author mark and year | BAQ 1928 |
| 100 1# - MAIN ENTRY--PERSONAL NAME | |
| Personal name | Bacon, Roger, |
| Dates associated with a name | 1214?-1294. |
| 9 (RLIN) | 211405 |
| 245 10 - TITLE STATEMENT | |
| Title | Questiones supra libros quatuor Physicorum Aristotelis / |
| Statement of responsibility, etc. | by Roger Bacon, edited by Ferdinand M Delorme. |
| 260 ## - PUBLICATION, DISTRIBUTION, ETC. (IMPRINT) | |
| Place of publication, distribution, etc. | Oxonii : |
| Name of publisher, distributor, etc. | E Typographeo Clarendoniano, |
| Date of publication, distribution, etc. | 1928. |
| 300 ## - PHYSICAL DESCRIPTION | |
| Pagination | xxii,284 p. ; |
| Size | 22 cm. |
| 490 1# - SERIES STATEMENT | |
| Series statement | Opera hactenus inedita Rogeri Baconi ; |
| Volume/sequential designation | fasc. 8 |
| 504 ## - BIBLIOGRAPHY, ETC. NOTE | |
| Bibliography, etc | Includes Bibliography |
| 600 00 - SUBJECT ADDED ENTRY--PERSONAL NAME | |
| Personal name | Aristotle. |
| Title of a work | Physics. |
| 650 #0 - SUBJECT ADDED ENTRY--TOPICAL TERM | |
| Topical term or geographic name as entry element | Physics |
| Form subdivision | Early works to 1800. |
| 9 (RLIN) | 211407 |
| 700 1# - ADDED ENTRY--PERSONAL NAME | |
| Personal name | Delorme, Ferdinand M. |
| 830 ## - SERIES ADDED ENTRY--UNIFORM TITLE | |
| Uniform title | Opera hactenus inedita Rogeri Baconi ; |
| Volume number/sequential designation | fasc. 8 |
| 942 ## - ADDED ENTRY ELEMENTS (KOHA) | |
| Source of classification or shelving scheme | Dewey Decimal Classification |
| Koha item type | Books |
| Lost status | Source of classification or shelving scheme | Damaged status | Not for loan | Collection code | Permanent Location | Current Location | Shelving location | Date acquired | Source of acquisition | Cost, normal purchase price | Total Checkouts | Full call number | Date last seen | Copy number | Koha item type |
|---|---|---|---|---|---|---|---|---|---|---|---|---|---|---|---|
| Dewey Decimal Classification | Not For Loan | Non-fiction | Central Library, University of Rajshahi | Central Library, University of Rajshahi | Reading Room | 01/11/1955 | o. u. p. | 238.14 | 185 BAQ 1928 | 03/05/2017 | C-1 | Books |